City edge. Case studies in contemporary urbanism /

Saved in:
Bibliographic Details
Main Author: Charlesworth, Esther
Format: Book
Language:English
Published: Amsterdam : Architectural Press, 2005
Edition:1st ed.
Subjects:
ISBN:0750663537
Online Access: Get full text
Tags: Add Tag
No Tags, Be the first to tag this record!

MARC

LEADER 00000nam a2200000 4500
003 SK-BrCVT
005 20220617220139.0
008 050602s2005 ne e ||||||eng d
020 |a 0750663537 
035 |a CVTIDW0976532 
040 |b slo  |a CVTI SR 
041 0 |a eng 
044 |a ne 
080 |a 711.4  |2 UDC-MRF 
100 1 |a Charlesworth, Esther 
242 1 0 |a Okrajová časť mesta. Prípadové štúdie zo súčasného urbanizmu 
245 1 0 |a City edge. Case studies in contemporary urbanism /  |c Authors: Esther Charlesworth and Co. 
250 |a 1st ed. 
260 |a Amsterdam :  |b Architectural Press,  |c 2005 
300 |a XVIII, 244 s. :  |b fotogr., lit., obr., tab. ; 
653 1 |a mestské centrum  |a filozofia návrhu  |a verejná doprava  |a trvalo udržateľný rozvoj 
655 4 |a zborníky 
910 |b A594412 
919 |a 0-7506-6353-7 
974 |f Knihy 
992 |a AZN 
999 |c 144854  |d 144854